| 000 | 00604nam a2200229 a 4500 | ||
|---|---|---|---|
| 001 | 000088 | ||
| 003 | BD-ChCU | ||
| 005 | 20230204155816.0 | ||
| 008 | s2014 awau b 01 0 eng | ||
| 020 | _a9780982193525 | ||
| 040 |
_aDLC _cDLC _dBD-ChCU |
||
| 082 | 0 | 0 | _a551.62/T859 |
| 100 | 1 |
_a _b |
|
| 245 | 0 | 0 |
_aTroubled water: _cClimate change,hydropolitics and transboundary resources _c |
| 250 | _a. | ||
| 260 |
_Washington _cStimson., _c2009. |
||
| 300 | _a103p. | ||
| 504 | _aIncludes index. | ||
| 650 | 0 | _aClimatic Changes.Climatic Changes | |
| 700 | 1 |
_aMichel, David _cPandya,Amit |
|
| 942 |
_2ddc _cBK |
||
| 999 |
_c88 _d88 |
||